[Event "Tournament"]
[Site "masterchessopen.com - Uljanovsk (Russia)"]
[Round "7"]
[White "Grebionkin Vladimir (RUS)"]
[Black "Borisov Aleksandr (RUS)"]
[Result "1-0"]
[WhiteElo "2421"]
[BlackElo "2140"]

1.d4 c5 2.d5 e5 3.c4 d6 4.Nc3 f5 5.e4 Nf6 6.exf5 Bxf5 7.Bd3 Bxd3 8.Qxd3 Be7
9.Nf3 Qd7 10.Ng5 Qg4 11.O-O O-O 12.Ne6 Rc8 13.f4 exf4 14.Bxf4 Nbd7 15.Rae1 Nh5
16.h3 Qh4 17.Bh2 Ne5 18.Bxe5 dxe5 19.Re4 Qg3 20.Qe2 Nf6 21.Rxf6 Bxf6 22.Rg4
{#r} 1-0

[Event "Ch Poland (team) (1 liga)"]
[Site "masterchessopen.com - Ustron (Poland)"]
[Round "0"]
[White "Przedmojski Rafal (POL)"]
[Black "Mammadov Vafa (AZE)"]
[Result "1-0"]
[WhiteElo "2360"]
[BlackElo "2189"]

1.d4 c5 2.d5 e5 3.e4 d6 4.Bb5+ Nd7 5.a4 Nf6 6.Nc3 Be7 7.Nf3 O-O 8.O-O Ne8
9.Re1 g6 10.a5 a6 11.Bf1 f5 12.Ra3 f4 13.Nd2 Nef6 14.Nc4 g5 15.Na4 Rf7 16.c3
g4 17.g3 fxg3 18.hxg3 h5 19.b4 cxb4 20.cxb4 Nf8 21.Nab6 {#r} 1-0

[Event "It (w)"]
[Site "masterchessopen.com - Vladimir (Russia)"]
[Round "1"]
[White "Kursova Maria (RUS)"]
[Black "Kostiuk Tatiana (UKR)"]
[Result "1-0"]
[WhiteElo "2315"]
[BlackElo "2316"]

1.d4 c5 2.d5 e5 3.e4 d6 4.Be2 Be7 5.Nf3 Bg4 6.Nfd2 Bxe2 7.Qxe2 Bg5 8.Nc3 Bxd2+
9.Bxd2 Nf6 10.Bg5 O-O 11.O-O h6 12.Bh4 Nbd7 13.a4 a6 14.Ra3 Qa5 15.Nd1 Qb4
16.c4 b5 17.Ne3 Nxe4 18.Nf5 Qxc4 19.Qg4 Ng5 20.Qxc4 bxc4 21.Bxg5 hxg5 22.Ne7+
{#r} 1-0

[Event "It (open) (amateurs) (play-off)"]
[Site "masterchessopen.com - Bermuda"]
[Date "2003.02.09"]
[Round "1"]
[White "Edwards Ray B (ENG)"]
[Black "Beckwith Paul H (CAN)"]
[Result "0-1"]
[WhiteElo "2119"]
[BlackElo "2179"]

1.d4 c5 2.d5 e5 3.c4 d6 4.Nc3 f5 5.e4 Nf6 6.Bd3 f4 7.f3 Be7 8.Nge2 a6 9.g4
Nxg4 10.fxg4 Bh4+ 11.Kd2 Bxg4 12.Kc2 O-O 13.Bd2 b5 14.Be1 bxc4 15.Bxc4 a5
16.Bxh4 Qxh4 17.Qe1 Qe7 18.Qf2 Na6 19.Bxa6 Rxa6 20.Rag1 Bxe2 21.Qxe2 Rb6
22.Qg4 Rfb8 23.Nd1 Qb7 24.Qe6+ Kh8 25.Kd2 Rxb2+ 26.Ke1 Qb4+ 27.Kf1 Qc4+ {#R}
0-1

[Event "Oberliga North North 2002/03"]
[Site "masterchessopen.com - Germany"]
[Date "2003.03.09"]
[Round "8"]
[White "Schwarz Frank (GER)"]
[Black "Rabeler Gert (GER)"]
[Result "1-0"]
[WhiteElo "2213"]
[BlackElo "2277"]

1.d4 c5 2.d5 e5 3.e4 d6 4.Nc3 a6 5.a4 Be7 6.Nf3 Bg4 7.Bd3 Nd7 8.O-O b6 9.Be3
Bxf3 10.Qxf3 Bg5 11.Bxg5 Qxg5 12.Qe2 Nb8 13.a5 b5 14.Bxb5+ axb5 15.Qxb5+ Nd7
16.Qc6 Qd8 17.Nb5 Kf8 18.Qxd6+ Ne7 19.f4 exf4 20.Rxf4 g5 21.Qh6+ Kg8 22.Rxf7
Kxf7 23.Rf1+ Kg8 24.Qe6+ {#r} 1-0

[Event "Dos Hermanas Qualifier (14-A)"]
[Site "masterchessopen.com - Internet"]
[Date "2003.03.14"]
[Round "4"]
[White "Lehmann Holger (GER)"]
[Black "Poecksteiner Johann (AUT)"]
[Result "1-0"]
[WhiteElo "2182"]
[BlackElo "2197"]

1.d4 c5 2.d5 e5 3.e4 d6 4.Nf3 Be7 5.a4 a6 6.h3 Nf6 7.Nc3 O-O 8.Bd3 Ne8 9.O-O
Nd7 10.Nd2 b6 11.Nc4 Rb8 12.Kh2 b5 13.axb5 axb5 14.Na5 c4 15.Nc6 Qc7 16.Nxe7+
{#r} 1-0

[Event "Dos Hermanas Qualifier (16-A)"]
[Site "masterchessopen.com - Internet"]
[Date "2003.03.16"]
[Round "7"]
[White "Henriksson Jakob (SWE)"]
[Black "Poecksteiner Johann (AUT)"]
[Result "0-1"]
[WhiteElo "2215"]
[BlackElo "2197"]

1.d4 c5 2.d5 e5 3.c4 d6 4.Nc3 Be7 5.g3 Bg5 6.e3 f5 7.Bg2 Nh6 8.Nf3 Bf6 9.e4
Nf7 10.exf5 Bxf5 11.h4 Nd7 12.Qe2 O-O 13.Ne4 a6 14.a4 b6 15.Nfg5 Qe7 16.g4
Bxe4 17.Bxe4 Bxg5 18.Bxh7+ Kxh7 19.hxg5+ Kg8 20.g6 Ng5 21.Qf1 Rf4 22.Bxf4
exf4+ 23.Kd1 Qe4 24.Rh5 Qxg6 25.Qh1 Kf7 26.Ra3 Qb1+ 27.Kd2 Qxb2+ {#R} 0-1

[Event "Dos Hermanas Qualifier (16-A)"]
[Site "masterchessopen.com - Internet"]
[Date "2003.03.16"]
[Round "6"]
[White "Poecksteiner Johann (AUT)"]
[Black "Gasik Piotr (POL)"]
[Result "1-0"]
[WhiteElo "2197"]
[BlackElo "2131"]

1.d4 c5 2.d5 e5 3.e4 d6 4.Nc3 Be7 5.Nf3 Bg4 6.Bb5+ Nd7 7.Nxe5 Bxd1 8.Nxd7 f6
9.Nxc5+ Kf7 10.Ne6 Qb6 11.Be3 a5 12.Bxb6 Bxc2 13.Rc1 Nh6 14.Rxc2 Ng4 15.O-O h5
16.h3 Ne5 17.f4 Ng6 18.Ne2 Rhc8 19.Rfc1 Rxc2 20.Rxc2 a4 21.a3 h4 22.Kf2 Nf8
23.Nxf8 Rxf8 24.Rc7 {#r} 1-0

[Event "Dos Hermanas Qualifier (18-B)"]
[Site "masterchessopen.com - Internet"]
[Date "2003.03.18"]
[Round "2"]
[White "Nagle Sean (USA)"]
[Black "Gasik Piotr (POL)"]
[Result "1-0"]
[WhiteElo "2397"]
[BlackElo "2131"]

1.d4 c5 2.d5 e5 3.c4 d6 4.e4 Be7 5.Nf3 Bg4 6.Nbd2 Nf6 7.Bd3 O-O 8.h3 Bxf3
9.Qxf3 a6 10.Nf1 Nbd7 11.Ne3 b5 12.O-O g6 13.cxb5 axb5 14.Bxb5 Qc7 15.Nc4 Rfb8
16.Bc6 Ra7 17.Bg5 Kg7 18.Qe3 Ng8 19.f4 h6 20.Bxe7 Nxe7 21.Bxd7 Qxd7 22.fxe5
dxe5 23.Rxf7+ Kxf7 24.Nxe5+ Kg7 25.Nxd7 Rxd7 26.Qxc5 Rxb2 27.Qd4+ {#r} 1-0

[Event "It (open)"]
[Site "masterchessopen.com - Dresden (Germany)"]
[Date "2003.08.01"]
[Round "8"]
[White "Sechting Martin (GER)"]
[Black "Gazic Josip (GER)"]
[Result "0-1"]
[WhiteElo "2116"]
[BlackElo "2229"]

1.d4 c5 2.d5 e5 3.c4 e4 4.Nc3 f5 5.d6 Qb6 6.Nb5 Na6 7.Qd5 Nf6 8.Qe5+ Kf7 9.Bg5
Nb4 10.O-O-O Nxa2+ 11.Kb1 a6 12.Nc7 Qb3 13.Rd5 Nb4 14.Nxa8 Qc2+ 15.Ka1 Nbxd5
16.Qxf5 Kg8 17.Qxd5+ Nxd5 18.cxd5 Qd1+ 19.Ka2 Qxf1 20.Nb6 Qxg2 21.Nh3 Qxh1
22.Nxc8 Qg2 23.Ne7+ Kf7 {#R} 0-1

[Event "Bayern Landesliga South 2003/04"]
[Site "masterchessopen.com - Bayern (Germany)"]
[Date "2003.10.12"]
[Round "1"]
[White "Christensen Niels (DEN)"]
[Black "Fischer Johann (GER)"]
[Result "1-0"]
[WhiteElo "2287"]
[BlackElo "2283"]

1.d4 c5 2.d5 e5 3.c4 d6 4.Nc3 f5 5.e4 f4 6.g3 fxg3 7.hxg3 Nf6 8.Bh3 Na6 9.Nf3
Nc7 10.Ng5 Bxh3 11.Rxh3 Qd7 12.Be3 g6 13.Qb3 O-O-O 14.Nb5 Nxb5 15.Qxb5 Ng4
16.Bd2 Bh6 17.Qxd7+ Rxd7 18.f3 {#r} 1-0

[Event "Cup Rilton"]
[Site "masterchessopen.com - Stockholm (Sweden)"]
[Round "1"]
[White "Akesson Ralf (SWE)"]
[Black "Hammar Ulf (SWE)"]
[Result "1-0"]
[WhiteElo "2472"]
[BlackElo "2119"]

1.d4 c5 2.d5 e5 3.e4 d6 4.Nc3 g6 5.f4 Bg7 6.fxe5 Bxe5 7.Nf3 Bg4 8.Bb5+ Nd7
9.O-O Bxc3 10.bxc3 a6 11.Bxd7+ Qxd7 12.c4 Ne7 13.Bb2 Rf8 14.Qd3 Bxf3 15.Rxf3
O-O-O 16.Bg7 Rg8 17.Bf6 Rde8 18.Rb1 Kb8 19.Qa3 Ka7 20.Qb2 Qc7 21.e5 Nc8
22.exd6 Nxd6 23.Be5 Re7 24.Rb3 Rb8 25.Rb6 Rd8 26.Bg3 Rdd7 27.Qf6 {#r} 1-0

[Event "It (open)"]
[Site "masterchessopen.com - Minoxel (Brazil)"]
[Date "2004.01.08"]
[Round "2"]
[White "Soares Paulo Henrique Dos Reis (BRA)"]
[Black "El Debs Felipe De Cresce (BRA)"]
[Result "0-1"]
[WhiteElo "1950"]
[BlackElo "2327"]

1.d4 c5 2.d5 e5 3.c4 d6 4.Nc3 Be7 5.e4 Bg5 6.Nf3 Bxc1 7.Rxc1 Nf6 8.Be2 Nbd7
9.O-O Nf8 10.Ne1 Ng6 11.Nd3 O-O 12.a3 a5 13.b4 axb4 14.axb4 cxb4 15.Nxb4 Nd7
16.Ra1 Rxa1 17.Qxa1 Nc5 18.Nd3 Nxd3 19.Bxd3 Nf4 20.Qd1 Bh3 21.g3 Nxd3 22.Qxd3
Bxf1 23.Qxf1 Qb6 24.Nb5 Ra8 25.Kg2 Ra2 26.Qb1 Qxf2+ {#R} 0-1

[Event "Ch Asturias"]
[Site "masterchessopen.com - Asturias (Spain)"]
[Date "2004.02.28"]
[Round "3"]
[White "Olea Perez Mario (ESP)"]
[Black "Carracedo Rodriguez Andrea (ESP)"]
[Result "1-0"]
[WhiteElo "2289"]
[BlackElo "1865"]

1.d4 c5 2.d5 e5 3.Nc3 d6 4.g3 Be7 5.Bg2 f5 6.Nf3 Nf6 7.O-O O-O 8.Nd2 a6 9.a4
b6 10.Nc4 Bb7 11.Rb1 Nbd7 12.b4 Rc8 13.b5 e4 14.Bf4 Ne5 15.Bxe5 dxe5 16.d6 f4
17.dxe7 Qxe7 18.Qd6 Qf7 19.Bh3 Qh5 20.Bxc8 Rxc8 21.Qe6+ Kh8 22.Nd6 Rf8 23.Nxb7
Re8 24.Qc6 Qh3 25.Nxe4 {#r} 1-0

[Event "Ch Russia (juniors) (under 12) (g)"]
[Site "masterchessopen.com - Dagomys (Russia)"]
[Round "8"]
[White "Kashlinskaya Alina (RUS)"]
[Black "Balaian Alina (RUS)"]
[Result "0-1"]
[WhiteElo "2009"]
[BlackElo "2188"]

1.d4 c5 2.d5 e5 3.e4 d6 4.Bb5+ Bd7 5.Bd3 Be7 6.h3 Bg5 7.Nf3 Bxc1 8.Qxc1 Nf6
9.Nbd2 b5 10.c3 c4 11.Be2 a5 12.b3 cxb3 13.axb3 O-O 14.O-O Na6 15.Re1 Nc5
16.Bf1 Nh5 17.g3 f5 18.exf5 Nf6 19.c4 bxc4 20.bxc4 Bxf5 21.Qa3 Nce4 22.Nxe4
Bxe4 23.Bg2 Qb6 24.Re2 Qb4 25.Qxb4 axb4 {#R} 0-1

[Event "Ch Russia (juniors) (under 16)"]
[Site "masterchessopen.com - Dagomys (Russia)"]
[Round "0"]
[White "Matveev Vladimir (RUS)"]
[Black "Kazak Alexander (RUS)"]
[Result "1-0"]
[WhiteElo "2210"]
[BlackElo "1978"]

1.d4 c5 2.d5 e5 3.e4 d6 4.Nc3 g6 5.Nf3 Bg7 6.Bb5+ Nd7 7.a4 Ne7 8.O-O O-O 9.Nd2
f5 10.exf5 gxf5 11.f4 Nf6 12.fxe5 dxe5 13.Bc4 Kh8 14.Nf3 e4 15.d6 Nc6 16.Ng5
Ng4 17.h3 Bd4+ 18.Kh1 Nf2+ 19.Rxf2 Bxf2 20.Qh5 Qd7 21.Bf7 Rxf7 22.Nxf7+ Kg8
23.Nh6+ Kg7 24.Qg5+ {#r} 1-0

[Event "Ch Berlin (qual)"]
[Site "masterchessopen.com - Berlin (Germany)"]
[Date "2004.04.18"]
[Round "9"]
[White "Boettcher Patrick (GER)"]
[Black "Alic Miran (GER)"]
[Result "0-1"]
[WhiteElo "2170"]
[BlackElo "2048"]

1.d4 c5 2.d5 e5 3.e4 d6 4.c4 g6 5.Nc3 Bg7 6.g3 Ne7 7.Bg2 O-O 8.Nge2 f5 9.O-O
Nd7 10.a3 Nf6 11.f4 Nh5 12.Bf3 fxe4 13.Bxh5 gxh5 14.Nxe4 Ng6 15.Kg2 Qe7
16.fxe5 Qxe5 17.Rxf8+ Bxf8 18.N2c3 Be7 19.Bh6 Bf5 20.Qe2 h4 21.g4 Bd7 22.Rf1
Re8 23.Qf3 b5 24.Qf7+ Kh8 25.g5 h3+ 26.Kg1 Bf8 27.Nf6 Qe3+ 28.Kh1 Qf3+ {#R}
0-1

[Event "It (open)"]
[Site "masterchessopen.com - Rabat (Morocco)"]
[Date "2004.06.28"]
[Round "3"]
[White "Ikonnikov Vyacheslav (RUS)"]
[Black "Bentafrit Samir (MAR)"]
[Result "1-0"]
[WhiteElo "2559"]
[BlackElo "2271"]

1.d4 c5 2.d5 e5 3.e4 d6 4.Nc3 Ne7 5.a4 Ng6 6.g3 Nd7 7.h4 h5 8.Be2 Nf6 9.Bg5
Be7 10.Bxf6 Bxf6 11.Bxh5 Qa5 12.Ra2 a6 13.Bg4 Be7 14.Bxc8 Rxc8 15.Nf3 Nf8
16.Nd2 c4 17.Nf1 Nd7 18.Qf3 g6 19.Ne3 Qb4 20.a5 Rc5 21.Ra4 Qxb2 22.Kd2 b5
23.Ra2 Qxc3+ 24.Kxc3 b4+ 25.Kd2 Nb8 {#r} 1-0

[Event "Ch Belgium (open)"]
[Site "masterchessopen.com - Westerlo (Belgium)"]
[Round "1"]
[White "Hiel Lino (BEL)"]
[Black "Van Herck Marcel (BEL)"]
[Result "0-1"]
[WhiteElo "1873"]
[BlackElo "2204"]

1.d4 c5 2.d5 e5 3.e4 d6 4.c4 g6 5.Nc3 Bg7 6.Bd3 a6 7.Be3 Nd7 8.Qd2 Ne7 9.Nge2
f5 10.f4 O-O 11.O-O-O b5 12.fxe5 Nxe5 13.cxb5 fxe4 14.Bxe4 Nc4 15.Qd3 Nxe3
16.Qxe3 axb5 17.Bb1 Nf5 18.Qd3 Bh6+ {#R} 0-1

[Event "It (cat.2) \"]
[Site "masterchessopen.com - Olomouc (Czech Republic)"]
[Date "2004.07.08"]
[Round "6"]
[White "Tibensky Robert (SVK)"]
[Black "Lasinskas Povilas (LTU)"]
[Result "1-0"]
[WhiteElo "2442"]
[BlackElo "2226"]

1.d4 c5 2.d5 e5 3.e4 d6 4.Bb5+ Nd7 5.a4 g6 6.h4 Bg7 7.h5 a6 8.Bd3 Ngf6 9.h6
Bf8 10.Qe2 Be7 11.c4 O-O 12.Nc3 Kh8 13.a5 Rb8 14.g3 Ng8 15.f4 f5 16.Nf3 Bf6
17.O-O exf4 18.Bxf4 Ne5 19.Bxe5 dxe5 20.exf5 gxf5 21.Nxe5 Qd6 22.Rae1 Nxh6
23.Kg2 Kg7 24.Rh1 b6 25.Rxh6 Kxh6 26.Rh1+ Kg7 27.Qh5 {#r} 1-0

[Event "Ch Europe (juniors) (under 16) (g)"]
[Site "masterchessopen.com - Urgup (Turkey)"]
[Date "2004.07.29"]
[Round "1"]
[White "Purtseladze Maka (GEO)"]
[Black "Mzhavia Kristine (GEO)"]
[Result "1-0"]
[WhiteElo "2269"]
[BlackElo "1964"]

1.d4 c5 2.d5 e5 3.e4 d6 4.g3 g6 5.Nc3 Bg7 6.Bg2 Nf6 7.Nge2 O-O 8.h3 Na6 9.O-O
Nc7 10.a4 Qe7 11.Be3 b6 12.Qd3 Bd7 13.Bg5 a6 14.Rae1 b5 15.b3 Qe8 16.f4 Nh5
17.f5 f6 18.Be3 g5 19.Bf3 Bh8 20.h4 h6 21.Kg2 Ng7 22.g4 bxa4 23.bxa4 Bxa4
24.Rh1 Bd7 25.hxg5 hxg5 {#r} 1-0

[Event "It (open)"]
[Site "masterchessopen.com - Aviles (Spain)"]
[Date "2004.08.22"]
[Round "2"]
[White "Montes Gutierrez Ignacio (ESP)"]
[Black "Nitelea Barbu Alexandru (ROM)"]
[Result "1-0"]
[WhiteElo "2079"]
[BlackElo "2072"]

1.d4 c5 2.d5 e5 3.c4 d6 4.Nc3 f5 5.e4 Be7 6.Bd3 f4 7.g3 fxg3 8.hxg3 Nf6 9.Bg5
Nxd5 10.exd5 Bxg5 11.Qh5+ Kf8 12.Nge2 h6 13.f4 exf4 14.Ne4 Bf6 15.Nxf4 Bxb2
16.O-O Bf6 17.Nxf6 gxf6 18.Ng6+ {#r} 1-0

[Event "It (open) \"]
[Site "masterchessopen.com - Burbank (USA)"]
[Date "2004.09.05"]
[Round "3"]
[White "Zimbeck David (USA)"]
[Black "Kurosaki Takashi (USA)"]
[Result "0-1"]
[WhiteElo "2169"]
[BlackElo "2066"]

1.d4 c5 2.d5 e5 3.e4 d6 4.Nc3 Ne7 5.Bg5 h6 6.Bh4 a6 7.a4 Qa5 8.Ra3 Ng6 9.Bg3
Be7 10.h4 Nd7 11.Be2 Nf6 12.Bb5+ Kd8 13.h5 Nxe4 14.hxg6 Nxc3 15.Rxc3 axb5
16.gxf7 Qxa4 17.Ne2 Qa1 18.Nc1 Qxb2 19.Rb3 Qd4 20.Rd3 {#R} 0-1

[Event "Zt"]
[Site "masterchessopen.com - San Jose (Costa Rica)"]
[Date "2004.09.08"]
[Round "5"]
[White "Davila Carlos (NCA)"]
[Black "Castillo Rommel (NCA)"]
[Result "1-0"]
[WhiteElo "2339"]
[BlackElo "2118"]

1.d4 c5 2.d5 e5 3.e4 d6 4.Nc3 a6 5.a4 f5 6.exf5 Bxf5 7.Nge2 Nf6 8.Ng3 Bg6 9.h4
Be7 10.h5 Bf7 11.Nf5 O-O 12.g4 Nbd7 13.g5 Ne8 14.Qg4 g6 15.Nh6+ Kg7 16.Nxf7
Rxf7 17.hxg6 hxg6 18.Qh4 {#r} 1-0

[Event "Ch SCG (team) (w)"]
[Site "masterchessopen.com - Budva (Yugoslavia)"]
[Date "2004.09.10"]
[Round "3"]
[White "Maric Alisa (SRB)"]
[Black "Kovacevic Radmila (SRB)"]
[Result "1-0"]
[WhiteElo "2418"]
[BlackElo "2027"]

1.d4 c5 2.d5 e5 3.e4 d6 4.Nc3 Be7 5.Bd3 Bg5 6.Nf3 Bxc1 7.Qxc1 Ne7 8.O-O O-O
9.Nd2 Ng6 10.g3 a6 11.a4 b6 12.Nc4 Ra7 13.Qd2 Rb7 14.Rfb1 Qd7 15.b4 Qc7
16.bxc5 bxc5 17.Rxb7 Bxb7 18.Rb1 Nd7 19.Nd1 Rb8 20.Qa5 Qxa5 21.Nxa5 Ba8
22.Rxb8+ Nxb8 23.Nc4 f5 24.f3 Ne7 25.Nxd6 g5 26.Ne3 f4 27.Nec4 Nd7 28.a5 {#r}
1-0

[Event "Match \"]
[Site "masterchessopen.com - Selestat (France)"]
[Date "2004.09.19"]
[Round "0"]
[White "Mohebbi Jaffar (FRA)"]
[Black "Schneider Bernd2"]
[Result "0-1"]
[WhiteElo "2247"]
[BlackElo "2269"]

1.d4 c5 2.d5 e5 3.e4 d6 4.Bd3 Be7 5.Ne2 Bg5 6.Nbc3 a6 7.a4 b6 8.Ng3 Nh6 9.Nf5
Bxc1 10.Qxc1 Qf6 11.Nxh6 gxh6 12.Nd1 Nd7 13.Qd2 Rb8 14.Ne3 Nf8 15.b4 Ng6
16.Be2 Nh4 17.bxc5 bxc5 18.Rg1 Rg8 19.Qa5 Rb4 20.f3 Qf4 21.Qc7 Bd7 22.Nf1
Nxg2+ 23.Rxg2 Rxg2 24.Qxd6 Rxe4 25.Qb8+ Ke7 26.d6+ Ke6 {#R} 0-1

[Event "Tournament (ELO) (juniors)"]
[Site "masterchessopen.com - Krasnodar (Russia)"]
[Round "3"]
[White "Chalenko Valery (RUS)"]
[Black "Elderov Fazil (RUS)"]
[Result "1-0"]
[WhiteElo "2252"]
[BlackElo "2097"]

1.d4 c5 2.d5 e5 3.e4 d6 4.Nc3 Be7 5.Nf3 Nf6 6.Bd3 O-O 7.O-O h6 8.Qe2 Nh7 9.Be3
Ng5 10.Nd2 Nh7 11.f3 Bg5 12.Bf2 Bxd2 13.Qxd2 Re8 14.f4 Nd7 15.Bb5 a6 16.Bxd7
Qxd7 17.fxe5 Rxe5 18.Bg3 Re8 19.Qf4 Rd8 20.e5 dxe5 21.Qxe5 Ng5 22.d6 Ne6
23.Nd5 f6 24.Rxf6 {#r} 1-0

[Event "It (open)"]
[Site "masterchessopen.com - Sauzal (Spain)"]
[Date "2004.11.06"]
[Round "3"]
[White "Epishin Vladimir (GER)"]
[Black "Zlotnik Boris A (RUS)"]
[Result "1-0"]
[WhiteElo "2599"]
[BlackElo "2424"]

1.d4 c5 2.d5 e5 3.e4 d6 4.Nc3 Be7 5.Nf3 a6 6.Be2 Bg4 7.Nd2 Bxe2 8.Qxe2 Bg5
9.a4 Nf6 10.h4 Bxd2+ 11.Bxd2 Nbd7 12.g4 h6 13.f3 Qc7 14.Nd1 h5 15.Ra3 g6 16.a5
b5 17.axb6 Qxb6 18.g5 Nh7 19.b3 O-O 20.Ne3 f6 21.Nc4 Qc7 22.gxf6 Rxf6 23.Rg1
Nhf8 24.Kd1 Rf7 {#r} 1-0

[Event "Ch Switzerland (team) 2004"]
[Site "masterchessopen.com - Switzerland"]
[Date "2004.11.07"]
[Round "9"]
[White "Vezzosi Paolo (ITA)"]
[Black "Ammann Philipp (SUI)"]
[Result "1-0"]
[WhiteElo "2363"]
[BlackElo "2233"]

1.d4 c5 2.d5 e5 3.e4 d6 4.Nc3 Be7 5.Bb5+ Bd7 6.Nf3 Nf6 7.a4 O-O 8.Nd2 Ne8
9.O-O Nc7 10.Nc4 Bc8 11.a5 Nxb5 12.Nxb5 Qd7 13.Nc3 Na6 14.f4 f6 15.Bd2 Qe8
16.f5 Bd7 17.Rf3 Nc7 18.Rg3 Kh8 19.Qf3 Nb5 20.Nxb5 Bxb5 21.Ne3 Qf7 22.Ng4 Rfb8
23.Rh3 Bd7 24.Qf2 Rf8 25.Raa3 {#r} 1-0

[Event "It (open)"]
[Site "masterchessopen.com - Athens (Greece)"]
[Date "2004.11.16"]
[Round "1"]
[White "Soultatis Kostas (GRE)"]
[Black "Skembris Spyridon (GRE)"]
[Result "0-1"]
[WhiteElo "2135"]
[BlackElo "2446"]

1.d4 c5 2.d5 e5 3.e4 d6 4.g3 g6 5.Bg2 h5 6.Nc3 h4 7.Be3 Bh6 8.Qd2 Bxe3 9.Qxe3
Qa5 10.O-O-O b5 11.f4 Nd7 12.Nf3 b4 13.Nb1 h3 14.Bf1 Ngf6 15.Nfd2 Ng4 16.Qf3
Nb6 17.fxe5 Nxe5 18.Qf6 O-O 19.Qxd6 Re8 20.Nb3 Qxa2 21.Nxc5 Bg4 22.Re1 Rac8
23.b3 Ned7 {#R} 0-1

[Event "Ch Kiev"]
[Site "masterchessopen.com - Kiev (Ukraine)"]
[Date "2005.01.30"]
[Round "11"]
[White "Grinev Valeriy (UKR)"]
[Black "Shcherbenko Alexandr (UKR)"]
[Result "1-0"]
[WhiteElo "2258"]
[BlackElo "2036"]

1.d4 c5 2.d5 e5 3.e4 d6 4.c4 f5 5.Nc3 Be7 6.Bd3 f4 7.g3 fxg3 8.hxg3 Nf6 9.f4
Bg4 10.Be2 Qd7 11.f5 h5 12.Nf3 Na6 13.Ng5 O-O-O 14.Nf7 Nxe4 15.Nxe4 Qxf5
16.Bxg4 hxg4 17.Nfxd6+ Bxd6 18.Nxd6+ Rxd6 19.Rxh8+ Kc7 20.Bd2 Nb4 21.Bxb4 cxb4
22.Qe2 e4 23.Qf2 Qe5 24.Qc5+ {#r} 1-0

[Event "Cup Belgrade 2005 (team)"]
[Site "masterchessopen.com - Belgrade (Yugoslavia)"]
[Date "2005.04.07"]
[Round "3"]
[White "Jovicic Radosav (SRB)"]
[Black "Milosevic Sergej Lj (SRB)"]
[Result "1-0"]
[WhiteElo "2289"]
[BlackElo "2018"]

1.d4 c5 2.d5 e5 3.e4 d6 4.Nc3 Ne7 5.Bb5+ Nd7 6.a4 Ng6 7.Nf3 Nh4 8.O-O Nxf3+
9.Qxf3 Be7 10.Qg3 O-O 11.Be2 Bh4 12.Qe3 h6 13.Bg4 Qe7 14.Qh3 Bg5 15.Bxg5 hxg5
16.Ra3 Nf6 17.Bxc8 Rfxc8 18.Rb3 g6 19.Qe3 Nh5 20.g3 Kg7 21.f3 Rh8 22.Nd1 f5
23.Qe2 Nf6 24.c4 b6 25.exf5 gxf5 26.Ne3 Qd7 {#r} 1-0

[Event "Ch Ukraine (juniors) (under 20)"]
[Site "masterchessopen.com - Lvov (Ukraine)"]
[Date "2005.04.23"]
[Round "5"]
[White "Kuzubov Yuriy (UKR)"]
[Black "Yaremko Nazar (UKR)"]
[Result "1-0"]
[WhiteElo "2541"]
[BlackElo "2254"]

1.d4 c5 2.d5 e5 3.e4 d6 4.Nf3 Be7 5.Nc3 Bg4 6.g3 h5 7.h4 f5 8.exf5 Qc8 9.Be2
Qxf5 10.Ng5 Bxg5 11.hxg5 Bxe2 12.Qxe2 Na6 13.g4 Qf7 14.f4 O-O-O 15.f5 Ne7
16.g6 Qf8 17.Bg5 Rd7 18.O-O-O hxg4 19.Rxh8 Qxh8 20.Qxg4 Nc7 21.Bxe7 Rxe7
22.f6+ Rd7 23.f7 Kd8 24.Ne4 Qf8 25.Ng5 Re7 26.Nh7 {#r} 1-0

[Event "Ch Germany (juniors) (under 18) (g)"]
[Site "masterchessopen.com - Willingen (Germany)"]
[Date "2005.05.16"]
[Round "4"]
[White "Janiesch Maike (GER)"]
[Black "Kohl Annette"]
[Result "1-0"]
[WhiteElo "1780"]
[BlackElo "1567"]

1.d4 c5 2.d5 e5 3.dxe6 fxe6 4.e4 Nc6 5.Nc3 d6 6.Nf3 Nge7 7.Bf4 e5 8.Bg3 Bg4
9.h3 Bh5 10.Be2 Ng6 11.O-O Be7 12.Nd5 O-O 13.c3 Nf4 14.Bxf4 exf4 15.Qb3 Bf7
16.Qxb7 Bxd5 17.exd5 Na5 18.Qa6 Rb8 19.Rab1 Rf5 20.Rfd1 Qb6 21.b4 Qxa6 22.Bxa6
Rb6 23.Bd3 Rxd5 24.Bxh7+ {#r} 1-0

[Event "Ch Bayern (seniors) (open)"]
[Site "masterchessopen.com - Schney (Germany)"]
[Date "2005.06.14"]
[Round "5"]
[White "Daeubler Heinrich (GER)"]
[Black "Achenbach Manfred (GER)"]
[Result "0-1"]
[WhiteElo "2177"]
[BlackElo "2154"]

1.d4 c5 2.d5 e5 3.c4 d6 4.Nc3 Be7 5.a3 Nf6 6.e4 Nbd7 7.Nf3 h6 8.h3 Nf8 9.Be3
Ng6 10.Be2 Nh7 11.O-O Ng5 12.Nd2 O-O 13.Bg4 Nh7 14.g3 Bg5 15.Qe2 b6 16.b4 Nf4
17.gxf4 exf4 18.Bxc5 bxc5 19.e5 dxe5 20.bxc5 f5 21.c6 fxg4 22.c5 f3 23.Qc4
Bxd2 24.Ne4 Qh4 25.Rfd1 Bf4 26.d6+ Kh8 {#R} 0-1

[Event "It (cat.7)"]
[Site "masterchessopen.com - Alushta (Ukraine)"]
[Date "2005.06.19"]
[Round "3"]
[White "Feoktistov Alexey A (RUS)"]
[Black "Annaberdiev Baba (TKM)"]
[Result "1-0"]
[WhiteElo "2441"]
[BlackElo "2217"]

1.d4 c5 2.d5 e5 3.c4 d6 4.Nc3 a6 5.a3 Be7 6.Nf3 Nf6 7.b4 Nbd7 8.e4 O-O 9.Bd3
Qc7 10.O-O cxb4 11.axb4 b5 12.Nxb5 Qb7 13.Nxd6 Bxd6 14.c5 Nxc5 15.bxc5 Bxc5
16.Nxe5 Bd4 17.Rb1 Qc7 18.Nc6 Bc5 19.Bb2 Ng4 20.e5 f6 21.Qc2 Bb6 22.d6 Qd7
23.Qb3+ Kh8 24.Qxb6 Bb7 25.Rbc1 Rac8 26.Be4 {#r} 1-0

[Event "Memorial Kurass"]
[Site "masterchessopen.com - Kiev (Ukraine)"]
[Date "2005.06.25"]
[Round "5"]
[White "Golichenko Ilija (UKR)"]
[Black "Kosikov Andrey (UKR)"]
[Result "1-0"]
[WhiteElo "2283"]
[BlackElo "2132"]

1.d4 c5 2.d5 e5 3.c4 d6 4.Nc3 g6 5.e4 Bg7 6.Bd3 Ne7 7.h4 h5 8.Be3 Nd7 9.Nge2
f5 10.f3 f4 11.Bf2 g5 12.hxg5 Ng6 13.g3 Qxg5 14.Nb5 Ke7 15.gxf4 Nxf4 16.Nxf4
Qxf4 17.Nc7 Rb8 18.Ne6 Qf7 19.Nxg7 Qxg7 20.Qe2 Nf8 21.O-O-O Ng6 22.Be3 Qf7
23.Qg2 Kd8 24.Rdg1 Nf8 25.f4 exf4 26.Qg5+ Kc7 27.Bxf4 Nh7 28.Qh6 {#r} 1-0